Statistics for Arizona Cardinals Season Records

Click here to take the quiz!

General Stats

  • This quiz has been taken 7 times
    (4 since last reset)
  • The average score is 26 of 104

Answer Stats

YearAnswer% Correct
2023Losing
100%
2022Losing
100%
2021Winning
100%
1990Losing
50%
1999Losing
50%
1997Losing
50%
1996Losing
50%
1995Losing
50%
1993Losing
50%
1992Losing
50%
1991Losing
50%
1987Losing
50%
1988Losing
50%
2001Losing
50%
1986Losing
50%
1985Losing
50%
1981Losing
50%
1980Losing
50%
1979Losing
50%
1978Losing
50%
2000Losing
50%
1989Losing
50%
2002Losing
50%
2010Losing
50%
2003Losing
50%
2018Losing
50%
2016Losing
50%
2012Losing
50%
2019Losing
50%
2006Losing
50%
2004Losing
50%
2005Losing
50%
1994Tied
50%
2020Tied
50%
1977Tied
50%
2017Tied
50%
2007Tied
50%
2011Tied
50%
2013Winning
50%
2009Winning
50%
2008Winning
50%
1975Winning
50%
2014Winning
50%
1976Winning
50%
1998Winning
50%
1982Winning
50%
1983Winning
50%
1984Winning
50%
2015Winning
50%
1939Losing
0%
1951Losing
0%
1950Losing
0%
1945Losing
0%
1944Losing
0%
1943Losing
0%
1942Losing
0%
1941Losing
0%
1940Losing
0%
1926Losing
0%
1938Losing
0%
1936Losing
0%
1934Losing
0%
1933Losing
0%
1932Losing
0%
1930Losing
0%
1928Losing
0%
1927Losing
0%
1953Losing
0%
1952Losing
0%
1971Losing
0%
1954Losing
0%
1965Losing
0%
1957Losing
0%
1967Losing
0%
1955Losing
0%
1958Losing
0%
1959Losing
0%
1969Losing
0%
1962Losing
0%
1973Losing
0%
1972Losing
0%
1921Tied
0%
1929Tied
0%
1937Tied
0%
1961Tied
0%
1974Winning
0%
1925Winning
0%
1924Winning
0%
1923Winning
0%
1922Winning
0%
1970Winning
0%
1966Winning
0%
1931Winning
0%
1968Winning
0%
1935Winning
0%
1964Winning
0%
1963Winning
0%
1960Winning
0%
1946Winning
0%
1947Winning
0%
1948Winning
0%
1949Winning
0%
1956Winning
0%
1920Winning
0%

Score Distribution

Percentile by Number Answered

Percent of People with Each Score

Your Score History

You have not taken this quiz since the last reset